Handbook of Public Administration

Salvato in:
Dettagli Bibliografici
Altri autori: Perry, James L.
Natura: Libro
Lingua:inglese
Pubblicazione: San Francisco Jossey-Bass Publ. 1996
Edizione:2. ed.
Serie:<The> Jossey-Bass public administration series
Soggetti:
Tags: Aggiungi Tag
Nessun Tag, puoi essere il primo ad aggiungerne!!

MARC

LEADER 00000nam a2200000 4500
001 c020139
005 20221214072639.2
020 |a 0-7879-0194-6 
041 0 |a eng 
044 |a US 
245 1 0 |a Handbook of Public Administration  |c Edit. James L. Perry 
250 |a 2. ed. 
264 1 |a San Francisco  |b Jossey-Bass Publ.  |c 1996 
300 |a 769 s. 
490 1 |a <The> Jossey-Bass public administration series 
830 0 |a <The> Jossey-Bass public administration series 
610 2 0 |a správa štátna 
610 2 0 |a sektor verejný 
610 2 0 |a štát 
610 2 0 |a riadenie 
610 2 0 |a predpisy právne 
610 2 0 |a kultúra 
610 2 0 |a organizácia 
610 2 0 |a legislatíva 
610 2 0 |a programy politické 
610 2 0 |a rozpočty 
610 2 0 |a zdroje ľudské 
610 2 0 |a plánovanie strategické 
610 2 0 |a efektívnosť 
700 1 |a Perry, James L.